Capitals on the border - Statistics

General Stats
  • This quiz has been taken 1,101 times
    1,049 since last reset
  • The average score is 11 of 16
Answer Stats
Neighbouring Country Capital % Correct
Vatican City Rome, Italy
93%
Italy Vatican City
89%
Italy City of San Marino, San Marino
88%
Malaysia Singapore
83%
France Monaco
82%
Austria & Hungary Bratislava, Slovakia
80%
Argentina Asunción, Paraguay
77%
Switzerland Vaduz, Liechtenstein
77%
Republic of the Congo Kinshasa, Democratic Republic of the Congo
74%
Democratic Republic of the Congo Brazzaville, Republic of the Congo
73%
Malaysia Bandar Seri Begawan, Brunei
57%
Thailand Vientiane, Laos
54%
South Africa Maseru, Lesotho
53%
Ghana Lomé, Togo
51%
Democratic Republic of the Congo Bangui, Central African Republic
42%
Cameroon N'Djamena, Chad
37%
No matching quizzes found
Score Distribution
Percent of People with Each Score
Percentile by Number Answered
Your Score History
You have not taken this quiz since the last reset